书目信息 |
| 题名: |
分子微生物学诊断原理与实践
|
|
| 作者: | 珀西恩 著 ;柯昌文 , 邓小玲 , 王洪敏 主译 | |
| 分册: | ||
| 出版信息: | 广州 中山大学出版社 2008.08 |
|
| 页数: | 885页, [8] 页图版 | |
| 开本: | 27cm | |
| 丛书名: | ||
| 单 册: | ||
| 中图分类: | Q7 | |
| 科图分类: | ||
| 主题词: | 分子生物学--fen zi sheng wu xue--微生物学 | |
| 电子资源: | ||
| ISBN: | 978-7-306-03141-9 | |
| 000 | 01237nam0 2200289 450 | |
| 001 | 012008336304 | |
| 005 | 20090120141512.67 | |
| 010 | @a978-7-306-03141-9@dCNY120.00 | |
| 100 | @a20081225d2008 em y0chiy0120 ea | |
| 101 | 1 | @achi@ceng |
| 102 | @aCN@b440000 | |
| 105 | @aaf a 000yy | |
| 106 | @ar | |
| 200 | 1 | @a分子微生物学诊断原理与实践@Afen zi wei sheng wu xue zhen duan yuan li yu shi jian@f(美) 珀西恩等著@F(mei)po xi en deng zhu@d= Moleular microbiology diagnositic principles and practice@fD.H. Persing@g柯昌文, 邓小玲, 王洪敏主译@Gke chang wen,deng xiao ling,wang hong min zhu yi@zeng |
| 210 | @a广州@c中山大学出版社@d2008.08 | |
| 215 | @a885页, [8] 页图版@c图@d27cm | |
| 320 | @a有书目 | |
| 330 | @a本书主要内容包括:培养物的确认和直接检测探针,核酸扩增技术,突变检测和诊断测序,分子分型方法,检测方法学等。 | |
| 500 | 10 | @aMoleular microbiology diagnositic principles and practice@mChinese |
| 606 | 0 | @a分子生物学@Afen zi sheng wu xue@x微生物学 |
| 690 | @aQ7@v4 | |
| 701 | 1 | @a珀西恩@Apo xi en@c(Persing, D. H.)@4著 |
| 702 | 0 | @a柯昌文@Ake chang wen@4主译 |
| 702 | 0 | @a邓小玲@Adeng xiao ling@4主译 |
| 702 | 0 | @a王洪敏@Awang hong min@4主译 |
| 801 | 0 | @aCN@bQSSK@c20090120 |
| 905 | @b736349-50@dQ7@eP774@f2 | |
| 分子微生物学诊断原理与实践/(美) 珀西恩等著= Moleular microbiology diagnositic principles and practice/D.H. Persing/柯昌文, 邓小玲, 王洪敏主译.-广州:中山大学出版社,2008.08 |
| 885页, [8] 页图版:图;27cm |
| ISBN 978-7-306-03141-9:CNY120.00 |
| 本书主要内容包括:培养物的确认和直接检测探针,核酸扩增技术,突变检测和诊断测序,分子分型方法,检测方法学等。 |
| ● |
| 相关链接 |
|
|
|
正题名:分子微生物学诊断原理与实践
索取号:Q7/P774
 
预约/预借
| 序号 | 登录号 | 条形码 | 馆藏地/架位号 | 状态 | 备注 |
| 1 | 736349 | 207363495 | 自科库401/401自科库 30排3列5层/ [索取号:Q7/P774] | 在馆 | |
| 2 | 736350 | 207363501 | 自科库401/401自科库 30排3列5层/ [索取号:Q7/P774] | 在馆 |